000 00698nam a2200253Ia 4500
003 OSt
005 20221005101653.0
006 a|||||r|||| 00| 0
007 ta
008 221004b |||||||| |||| 00| 0 mal d
020 _c1.80
024 _a56524
037 _cTextual
040 _aCRL
_cCRL
_bmal
041 _2mal
_amal
082 _aO32,3N14,18, J6
100 _aPillai Thakazhi Sivasankara Au.
245 0 _aThyagathinu prathiphalam
260 _aTrichur
_bThe Mangalodayam
_c1956
300 _a163p.
_ccm.
650 _aMALAYALAM FICTION
_9183428
942 _hO32,3N14,18, J6
_cTEXL
_2cc
999 _c1007159
_d1007159